Zvieratká žijú všade

Bibliographic Details
Other Authors: Činovská, Marta (Translator)
Format: Book
Language:Slovak
PhysicalDescription:64 s. fareb. il. 26 cm
Published: Bratislava Junior [2002]
ISBN:8071466832
Edition:[1.] slov. vyd.
Subjects:

MARC

LEADER 00000nam a2200000 a 4500
001 vtls001450495
003 SK-MaSNL
005 20260301073114.0
008 240226s2002 xo a g 000 ayslo
015 |a SNBA2004/02-00778 
020 |a 8071466832 
035 |a SNK000405788 
035 |a urn:nbn:sk:snk-amlrvi 
035 |a urn:nbn:sk:snk-am00c9kn 
035 |a 6622D6FC-65BC-4026-A19C-C9253BE62027 
040 |a SNK  |b slo  |c SNK  |e AACR2 
041 0 |a slo 
044 |a xo  |c SK 
072 7 |a 821-93  |2 konspekt 
080 |a 592/599  |2 1981 
080 |a 821-93  |2 1981 
080 |a 821-93  |2 2. slo 
080 |a 087.5  |2 2. slo 
245 0 |a Zvieratká žijú všade  |c [preklad Marta Činovská] 
250 |a [1.] slov. vyd. 
260 |a Bratislava  |b Junior  |c [2002] 
300 |a 64 s.  |b fareb. il.  |c 26 cm 
500 |a Ilustr. na tit. strane 
650 0 7 |a rozprávky o zvieratkách  |2 SNKPH  |9 393651 
700 1 |a Činovská, Marta  |4 trl  |9 7868 
919 |a 80-7146-683-2 
968 |d 821 
999 |c 643142  |d 645072 
952 |t P60, <03>, [BOOK], {603}  |a SNK  |b SNK  |y PREZ  |7 0  |p 17A0377142  |o snkSB 66372  |i snkKSP 3165/2003  |0 0  |1 0  |4 0  |d 2003-02-28  |f 1  |l 0  |r 2025-04-17 00:00:00  |w 2026-02-23 
952 |t P60, <04>, [BOOK], {604}  |a SNK  |b SNK  |y VYP  |7 0  |p 17A0377143  |o snkSB 66372 D1  |i snkKSP 6517/2004  |0 0  |1 0  |4 0  |d 2003-02-28  |l 0  |r 2005-01-02 00:00:00  |w 2026-02-23